000 00502nam a2200181Ia 4500
008 120919t2010 xxu||||| |||| 00| 0 sin d
041 _asin
080 _a8 - 31 (eng)
_bWAR
100 _aWarner,Gertrude Chandler
245 _aමයික්ගේ අභිරහස
246 _aMaikge Abhirahasa
260 _aS. Godage
_aColombo
_c2010
300 _b120p, ill, 21 cm
700 _aSubasinghe,Sandhya Kumuduni
_etr.
942 _cBK
999 _c42114
_d42114
003 LK-CoDNM
040 _aLK-CoDNM
_dLK-CoDNM
_eLK-CoDNM